| 000 | 00630na a2200217 4500 | ||
|---|---|---|---|
| 001 | 15864 | ||
| 003 | MIRAKIL | ||
| 005 | 20181213154737.0 | ||
| 008 | 160925b tu 000 0 | ||
| 040 |
_aMilas _btur _cTR-AnCHP |
||
| 082 |
_a070.442 _bS69g 1975 |
||
| 090 | _a070.442 S69g 1975 | ||
| 100 |
_aSoysal, İlhami _d1928-1992 |
||
| 245 |
_aGünün içinden _bDünden bugüne gazete yazıları _cİlhami Soysal |
||
| 246 | _aDünden bugüne gazete yazıları | ||
| 260 |
_aAnkara _bBilgi _c1975 |
||
| 300 |
_a394 s. _c20 sm. |
||
| 490 |
_aBilgi dizisi _v27 |
||
| 600 |
_aSoysal, İlhami _xGazete yazıları |
||
| 942 |
_2ddc _cBKS |
||
| 999 |
_c171 _d171 |
||